| 000 | 00476nam a2200181Ia 4500 | ||
|---|---|---|---|
| 001 | 8853 | ||
| 005 | 20260306160640.0 | ||
| 008 | 260306t1997||||xx |||||||||||||| ||spa|| | ||
| 041 | _aESP | ||
| 082 |
_a371.42 _bM94 |
||
| 100 |
_aMüller, Marina _eAUT |
||
| 245 | 0 |
_aOrientar para un mundo en transformación: _bjóvenes entre la educación y el trabajo |
|
| 260 | _c1997 | ||
| 300 |
_a367 páginas : _c23 cm. |
||
| 650 | _aGEN | ||
| 654 | _aCED | ||
| 942 |
_cLIB _dJUS _fJUS _2ddc _n |
||
| 999 |
_c8853 _d8853 |
||